[Event "Sao Paulo Sampa op"]
[Site "Sao Paulo"]
[Date "2024.02.01"]
[Round "5"]
[White "Simao, Davi Ribeiro"]
[Black "Ikejiri, Daniel Yoshito"]
[Result "0-1"]
[WhiteElo "1320"]
[BlackElo "1916"]
[PlyCount "88"]
[EventDate "2024.01.29"]
[EventType "swiss"]
[EventRounds "9"]
[EventCountry "BRA"]
[SourceTitle "CB06_2024"]
[SourceDate "2024.02.07"]
[SourceVersion "1"]
[SourceVersionDate "2024.02.07"]
[SourceQuality "1"]

1. e4 c5 2. Nc3 Nc6 3. f4 g6 4. Nf3 Bg7 5. Bc4 e6 6. d3 Nge7 7. 0-0 0-0 8. Qe1 d5 9. Bb3 Nd4 10. Qh4 b5 11. f5 gxf5 12. Bh6 Nxf3+ 13. Rxf3 Ng6 14. Qxd8 Rxd8 15. Bxg7 Kxg7 16. exd5 Bd7 17. dxe6 fxe6 18. a4 b4 19. Nb5 Rac8 20. Re1 a6 21. Nd6 Rc6 22. Nc4 Kf6 23. Rfe3 Re8 24. Ne5 Nxe5 25. Rxe5 a5 26. Bc4 Rc7 27. b3 Re7 28. Kf2 h5 29. g3 Rg7 30. Bxe6 Bxe6 31. Rxe6+ Kg5 32. R1e5 h4 33. gxh4+ Kf4 34. Rd5 Rcf7 35. Rxc5 Kg4 36. h5 Kxh5 37. Ree5 Kg4 38. Rc4+ f4 39. Kg2 Rh7 40. Rxa5 Rh6 41. Rxb4 Rfh7 42. d4 Rxh2+ 43. Kf1 Kf3 44. Ke1 Re2+ 0-1

[Event "Hebraica op 31st"]
[Site "Hebraica"]
[Date "2023.07.02"]
[Round "5"]
[White "Simao, Davi Ribeiro"]
[Black "Fonseca, Daniel Tiepo"]
[Result "1-0"]
[WhiteElo "1284"]
[BlackElo "1800"]
[PlyCount "55"]
[EventDate "2023.06.30"]
[EventType "swiss"]
[EventRounds "6"]
[EventCountry "BRA"]
[SourceTitle "CBM 215 Extra"]
[Source "ChessBase"]
[SourceDate "2023.09.30"]
[SourceVersion "1"]
[SourceVersionDate "2023.09.30"]
[SourceQuality "1"]

1. e4 e6 2. d4 d5 3. Nc3 Nf6 4. e5 Ng8 5. f4 c5 6. Nf3 Nc6 7. Be3 c4 8. a3 a6 9. a4 b6 10. Be2 Nh6 11. h3 Nf5 12. Bf2 h5 13. h4 Be7 14. Ng5 f6 15. Bxh5+ Kf8 16. Nf7 Qc7 17. Nxh8 Bd7 18. Ng6+ Ke8 19. g4 Nh6 20. g5 Nf5 21. exf6 gxf6 22. Ne5+ Kd8 23. Nxc6+ Bxc6 24. Qf3 Ng7 25. Bg6 e5 26. gxf6 Bxf6 27. fxe5 Qe7 28. Qxf6 1-0

[Event "Hebraica op 30th"]
[Site "Hebraica"]
[Date "2023.02.10"]
[Round "2"]
[White "Suzuki, Ernesto Koh"]
[Black "Simao, Davi Ribeiro"]
[Result "1-0"]
[WhiteElo "1592"]
[BlackElo "1821"]
[PlyCount "67"]
[EventDate "2023.02.10"]
[EventType "swiss"]
[EventRounds "7"]
[EventCountry "BRA"]
[SourceTitle "CBM 212 Extra"]
[Source "ChessBase"]
[SourceDate "2023.03.31"]
[SourceVersion "1"]
[SourceVersionDate "2023.03.31"]
[SourceQuality "1"]

1. e4 e5 2. Nf3 Nc6 3. d4 exd4 4. Nxd4 Nge7 5. c4 d6 6. Nc3 g6 7. Bg5 h6 8. Bf6 Rh7 9. Qd2 Bg7 10. Nd5 Qd7 11. Bxg7 Nxd5 12. exd5 Rxg7 13. dxc6 bxc6 14. Be2 c5 15. Bf3 Rb8 16. Bc6 cxd4 17. Bxd7+ Kxd7 18. Qxd4 Rg8 19. 0-0 Bb7 20. Rfe1 Rge8 21. c5 Bc6 22. Qf6 Bd5 23. cxd6 cxd6 24. Qd4 Rxe1+ 25. Rxe1 Rb5 26. Qxa7+ Rb7 27. Qd4 Be6 28. a4 Rc7 29. b4 Rc4 30. Qb6 Bf5 31. Qb5+ Kd8 32. Qb6+ Kc8 33. Qxd6 Bd7 34. Qa6+ 1-0